Sports Quiz

Random Sports Quiz

Arsenal squad vs Liverpool 2016 Quiz Stats

 Plays Quiz not verified by Sporcle

Challenge
Share
Tweet
Embed
Score 0/18 Timer 02:00
0 Plays Today
Position Player % Correct
GKPetr Cech
98.3%
MIDAaron Ramsey
94.9%
DEFHector Bellerin
88.9%
DEFNacho Monreal
86.3%
MIDMesut Ozil
86.3%
ATTOlivier Giroud
85.5%
DEFLaurent Koscielny
79.5%
ATTTheo Walcott
76.1%
DEFPer Mertesacker
73.5%
Position Player % Correct
ATTJoel Campbell
65.8%
SUBAlex Oxlade-Chamberlain
64.1%
SUBAlex Iwobi
61.5%
SUBGabriel Paulista
45.3%
SUBKieran Gibbs
39.3%
MIDMathieu Flamini
29.9%
SUBMikel Arteta
28.2%
SUBCalum Chambers
27.4%
SUBMatt Macey
17.9%

You're not logged in!

Compare scores with friends on all Sporcle quizzes.
Join for Free
OR
Log In

You Might Also Like...

Show Comments

Extras

Top Quizzes Today


Score Distribution

Your Account Isn't Verified!

In order to create a playlist on Sporcle, you need to verify the email address you used during registration. Go to your Sporcle Settings to finish the process.

Report this User

Report this user for behavior that violates our Community Guidelines.

Details: